00552nam a2200193 a 4500001001300000003000900013005001700022008004100039020002300080082001600103100001900119245008900138260002500227300001000252500003500262505001700297650002500314700001900339nice12345678IN_TiNIC20260116015403.0050101s2013 dela grp 000 0 eng  a9788184653397c27500a201.65bFER aFerrao, Victor aInvolving God in an Evolving Worldb Significance of Science-Religion Dialogue Today aDelhi bISPCK c2013 a193p  aincludes index and biblioraphy2 aBibliography aScience and Religion1 aFerrao, Victor